000 00307nam a22001337a 4500
008 170727b xxu||||| |||| 00| 0 eng d
020 _a3486229613
041 _aeng
080 _a004
100 _a29
101 _aSHKI
245 _aENTWICKLUNGSTENDENZEN DER SYSTEMANALYSE
_cOLDENBOURG
942 _2udc
_cBK
999 _c22034
_d22034